| 000 | 00462cab a2200181 4500 | ||
|---|---|---|---|
| 001 | WB2431-25 | ||
| 008 | 090401t1988 xxu||||| |||| 00| 0 eng d | ||
| 035 | _a(Sirsi) u80415 | ||
| 041 | _aeng | ||
| 245 | _aDeveloper with a vision | ||
| 260 | _c1988 | ||
| 350 | _a0 | ||
| 490 |
_aIndependent _v1/8/88 p18(2) |
||
| 520 | _aFeature on Olympia and York , the construction company. | ||
| 690 | _aPROPERTY LAW AND PRACTICE | ||
| 942 | _n0 | ||
| 948 | _c04/03/1997 | ||
| 999 |
_c50638 _d50638 |
||